Sector policy review tool : a guide for users and facilitators /

Enregistré dans:
Détails bibliographiques
Auteur principal: Schreuder, Bert
Autres auteurs: Toonen, Jurrien, 1953-
Format: Livre
Langue:anglais
Publié: Amsterdam : KIT Publishers, c2004.
Sujets:
Accès en ligne:http://www.loc.gov/catdir/toc/fy0805/2007387975.html
Tags: Ajouter un tag
Pas de tags, Soyez le premier à ajouter un tag!

MARC

LEADER 00000cam a22000004a 4500
020 |a 9068321579  |c TZS 5000/= 
040 |a MUL  |b eng  |e AACR 
041 0 |a eng 
082 |a 362.1068 SCH 
100 1 |a Schreuder, Bert. 
245 1 0 |a Sector policy review tool :  |b a guide for users and facilitators /  |c Bert Schreuder, Jurrien Toonen. 
246 1 5 |a Outil de revue de la politique sectorielle de la santé 
260 |a Amsterdam :  |b KIT Publishers,  |c c2004. 
300 |a [v], 45 p. ;  |c 24 cm. +  |e 1 CD-ROM (4 3/4 in.) 
504 |a Includes bibliographical references. 
650 0 |a Medical policy  |v Handbooks, manuals, etc. 
650 0 |a Health services administration  |v Handbooks, manuals, etc. 
700 1 |a Toonen, Jurrien,  |d 1953- 
856 4 1 |u http://www.loc.gov/catdir/toc/fy0805/2007387975.html 
942 |c BK 
999 |c 2334  |d 2334